| 000 | 01742nam0a2200397 4500 | ||
|---|---|---|---|
| 001 | RU\NLR\bibl\864434 | ||
| 005 | 20250614160056.0 | ||
| 010 |
_a5-486-00146-0 _bв пер. _911000 |
||
| 021 |
_aRU _b2005-36793 _91828 |
||
| 035 | _a(nilc)RSL-KNO-002675014 | ||
| 035 | _a(NLR Aleph) 000853097 | ||
| 090 |
_a1492534 _c1492534 |
||
| 100 | _a20050610d2005 |||y0rusy50 ca | ||
| 101 | 1 |
_arus _cger |
|
| 102 | _aRU | ||
| 105 | _aa ||||||||| | ||
| 106 | _ar | ||
| 200 | 1 |
_aФруктовая выпечка _dObstkuchen _eчудо-пироги, торты, пирожные _f[пер. с нем. Г. Л. Крупской] |
|
| 210 |
_aМ. _cМир книги _d2005 |
||
| 215 |
_a95 с. _cцв. ил. _d25 |
||
| 320 | _aАлф. указ. рецептов: с. 95 | ||
| 510 | 0 |
_aObstkuchen _zger |
|
| 606 | 1 |
_aФруктовые пироги _xРецептура _92184722 _3RU\NLR\auth\661313556 |
|
| 606 | 1 |
_aФруктовые торты _xРецептура _92184704 _3RU\NLR\auth\661313545 |
|
| 610 | 0 | _aПищевые производства -- Общественное питание. Кулинария -- Мучные блюда -- Рецепты | |
| 610 | 0 | _aПищевые производства -- Кондитерское производство -- Производство мучных кондитерских изделий -- Пирожные, торты -- Рецепты | |
| 610 | 0 | _aпирожные и торты домашнего приготовления | |
| 686 |
_aЛ992.2я27 _2rubbk |
||
| 686 |
_aЛ865.4я27 _2rubbk |
||
| 686 | _aЛ869 | ||
| 801 | 0 |
_aRU _bRuMoRKP _c20050610 _grcr |
|
| 801 | 1 |
_aRU _bRuMoRGB _c20050610 |
|
| 801 | 2 |
_aRU _bNLR _c20051101 _grcr |
|
| 942 | _cBOOK | ||
| 980 | _aNB | ||